000 00306nam a22001097a 4500
008 160428b xxu||||| |||| 00| 0 eng d
020 _a9780323046244
041 _aeng
080 _a618.2
245 _aEvidence Based nursing care guidelines:
_cBetty J. Ackley; Beth Ann Swan;Gail B. Ladwig;
942 _2udc
_cBK
999 _c1649
_d1649